000 00332 a2200169 4500
001 195114
020 _a978-85-16-08542-1
040 _cMagnum
100 _aFurnari, Eva
240 1 0 _aAmarilis
_l
245 1 0 _aAmarilis
300 _a32
362 0 _a2013
440 1 _aModerna
697 _aLITERATURA INFANTO
942 _cBK
999 _c195114
_d195114